000 00628cam a2200205 4500
001 BFIL006859
008 1944 spa
035 _aBFIL006859
050 4 _aPQ2225
_b.C8 D86 1944
100 1 _aDumas, Alejandro
245 3 _aEl Collar de la reina (Le colleir de la reina) : novela /
_cAlejandro Dumas ; tr. directa del Frances de E. Ibarz.
260 _aBuenos Aires :
_bSopena,
_c1944
300 _a381 p. ;
_c22 cm.
440 0 _aBiblioteca Mundial Sopena
504 _aIncluye indice
650 4 _aLiteratura francesa
650 4 _aNovela
700 1 _aIbarz, E.,
_etr.
942 _2lcc
_cLIB
999 _c131839
_d131839